Inventing institution for conservation: leasson from Costa Rica /
Uloženo v:
| Hlavní autor: | |
|---|---|
| Další autoři: | |
| Médium: | Text |
| Témata: | |
| Tagy: |
Přidat tag
Žádné tagy, Buďte první, kdo vytvoří štítek k tomuto záznamu!
|
MARC
| LEADER | 00000 a a2200000 04500 | ||
|---|---|---|---|
| 001 | 43755 | ||
| 003 | |||
| 040 | |||
| 100 | |a Umaña, Alvaro | ||
| 245 | |a Inventing institution for conservation: |b leasson from Costa Rica / |c Alvaro Umaña | ||
| 650 | |a CONSERVACION DE RECURSOS | ||
| 650 | |a POLITICA GUBERNAMENTAL | ||
| 650 | |a AREAS DE PROTECCION | ||
| 700 | |a Brandon, katrina | ||
| 773 | |g páginas 85-106 | ||
| 999 | |c 25833 |d 25833 | ||
